| 000 | 00887nam a2200289Ia 4500 | ||
|---|---|---|---|
| 001 | Z_1726 | ||
| 003 | CHAP | ||
| 008 | 220113s1999 xx 000 0 und d | ||
| 010 | _a164818 | ||
| 040 | _cCHAP | ||
| 090 | _aTesis H 1391 | ||
| 100 |
_aHernández Salas, Asael _954589 |
||
| 245 |
_aDiagnóstico mineral de bovinos doble propósito en el Rancho Plantanilla / _cpor Asael Hernández Salas |
||
| 260 |
_aChapingo, Méx. : _bEl autor, _c1999 |
||
| 300 | _a59 h. | ||
| 502 | _aTesis (Ing. Agr. Esp. en Zootecnia) -- UACH. Departamento de Zootecnia | ||
| 650 |
_aForrajes _xAnálisis _xChiapas _9138880 |
||
| 650 |
_aGanado vacuno _xChiapas _945442 |
||
| 650 |
_aGanado vacuno _xNutrición _945498 |
||
| 650 |
_aMinerales en nutrición animal _xChiapas _9138881 |
||
| 901 | _aTESIS H 1391 | ||
| 902 | _aM | ||
| 910 | _a1999 | ||
| 942 | _c2 | ||
| 942 | _c2 | ||
| 999 |
_c164818 _d164818 |
||